000 00726cam a22002531 4500
001 000014862
003 DO-SdBNP
005 20251029093603.0
008 750117s1966 xx 000 0 spa
010 _a67090643
035 _a(OCoLC)1143476
040 _aDO-SdBNP
_cCtFaU
_dDLC
043 _as-ve---
050 0 0 _aHT690.V4
_bG3
082 4 _a323.3
100 2 _aGarcia Ponce, Guillermo,
_d1925-
_933673
245 1 0 _aPolitica y clase media.
260 _a[Caracas] :
_bEditorial La Muralla,
_c[1966].
300 _a279 p. ;
_c18 cm.
504 _aBibliographical footnotes.
650 7 _aClase media
_zVenezuela
_933674
_2LEMB
651 7 _aVenezuela
_xPolĂ­tica y gobierno
_y1935-
_926230
_2LEMB
942 _2ddc
_cLBS1
999 _c14442
_d14442